00490nam a2200181Ia 4500008004100000020001500041082000800056100001400064245002900078250000600107260003300113300001000146500002400156650001400180942000700194952009000201999001700291230524s9999 xx 000 0 und d a8177000519 bMAH aM.Mahajan 2aA Text Book of Metrology a2 aNew DelhibDhanpat raic2011 a658p: aQuantity Number: 1 aMechanics cBK 00104070aTATCLbTATCLcGENd2023-05-24l0o MAHp53894r2023-05-24w2023-05-24yBK c56457d56457